|
|
|
|
| LEADER |
00985nam a22002891 4500 |
| 001 |
001122235 |
| 003 |
CZ BrMZK |
| 005 |
20111213170033.0 |
| 007 |
ta |
| 008 |
010419s1979 xo a slo |
| 040 |
|
|
|a BOA001
|b cze
|
| 080 |
9 |
|
|a 628.93(075)=854
|
| 100 |
1 |
|
|a Horňák, Pavol,
|d 1943-
|7 mzk2004223214
|4 aut
|
| 245 |
1 |
0 |
|a Umelé osvetlenie /
|c Pavol Horňák
|
| 250 |
|
|
|a 1. vyd.
|
| 260 |
|
|
|a Bratislava :
|b Alfa,
|c 1979
|
| 300 |
|
|
|a 177 s. :
|b il.
|
| 490 |
1 |
|
|a Edícia elektrotechnickej literatúry
|
| 504 |
|
|
|a Obsahuje bibliografii
|
| 830 |
|
0 |
|a Edícia elektrotechnickej literatúry (Alfa)
|
| 910 |
|
|
|a BOA001
|b 2-0810.029
|
| 964 |
|
|
|a Technika světlená - příručky
|
| 964 |
|
|
|a Osvětlení umělé - příručky
|
| 990 |
|
|
|a BK
|
| 991 |
|
|
|b 201010
|
| 996 |
7 |
|
|b 2610450024
|c 2-0810.029
|l MZK
|r Sklad / do 1 hodiny
|n 0
|p dar
|w 001150504
|u 000020
|a 1
|e BOA001
|j MZK50
|s A
|
| 996 |
7 |
|
|b 2619356215
|c 2-0810.029
|l MZK
|r Sklad / do 1 hodiny
|n 4
|w 001150504
|u 000010
|a 1
|e BOA001
|j MZK50
|s A
|